<La> vente directe pour les nuls business

Salvato in:
Dettagli Bibliografici
Autore principale: Lavie, Chloé
Natura: Libro
Lingua:francese
Pubblicazione: Paris Éditions First 2016
Soggetti:
Tags: Aggiungi Tag
Nessun Tag, puoi essere il primo ad aggiungerne!!

MARC

LEADER 00000nam a2200000 4500
001 0235041
005 20221107101315.4
020 |a 978-2-7540-8450-5 
041 0 |a fre 
044 |a FR 
245 1 0 |a <La> vente directe pour les nuls business  |c Chloé Lavie 
264 1 |a Paris  |b Éditions First  |c 2016 
300 |a xviii, 360 s. 
610 2 0 |a predaj priamy 
610 2 0 |a predajcovia 
610 2 0 |a marketing 
610 2 0 |a podnikanie 
100 1 |a Lavie, Chloé